| 000 | 00710nam a2200241 a 4500 | ||
|---|---|---|---|
| 001 | 000047461 | ||
| 003 | OSt | ||
| 005 | 20250520113530.0 | ||
| 008 | 180530s2017 dr 000 spa d | ||
| 020 | _a9789945167795 | ||
| 040 |
_aDO-SdBNP _bspa _cBNPHU |
||
| 082 | 4 |
_a155.28 H531i 2020 _bH531i, 2017 _222 |
|
| 100 |
_aHernández, Carlos, _d1957- _933511 |
||
| 245 | 1 | 0 |
_aInforme de evaluación psicológica / _cCarlos Hernández. |
| 250 | _a5a. ed. | ||
| 260 |
_aSanto Domingo : _bBúho, _c2017. |
||
| 300 |
_a67 p. ; _c24 cm. |
||
| 590 | _aInventariado, 2018/DG | ||
| 650 | 0 |
_aPsicología _9152 |
|
| 650 | 4 |
_aPruebas psicológicas _91960 |
|
| 910 | _aValidado. Control de calidad MFF | ||
| 942 |
_2ddc _cLBS1 |
||
| 999 |
_c46949 _d46949 |
||